000 00366 a2200169 4500
001 71971
020 _a8532217869
040 _cAnchieta - Colégio São Paulo
100 _aMachado, Ana Maria
240 1 0 _aFesta no céu
_lpor
245 1 0 _aFesta no céu
300 _a[21p.]
362 0 _a1996
440 1 _aFTD
650 4 _aLiteratura infantil
942 _cBK
999 _c71971
_d71971